000 01536nam a22003257a 4500
001
003 DO-SdBNP
005 20220819111117.0
007
008 161018b 2010 sp |||| 00| 0 spa d
020 _a 9789587053364
040 _aBPMSU
_bspa
_cBPMSU
082 _aR928.03
_bG748d
_222
245 0 0 _aGran diccionario de autores latinoamericanos de literatura infantil y juvenil /
_b
_cJaime García Padrino, coord ; proyecto editorial y dirección José Luis Cortés Salinas ;redacción Manuel Peña Muñoz...[et.al.]
260 _aMadrid :
_bFundación SM,
_c 2010
300 _a959 p. ;
_b27 cm.
500 _aIncluye índice.
520 _2Este diccionario presenta, el "quién es quién" en la literatura infantil y juvenil de Latinoamérica, pasando por todos y cada uno de los países de habla hispana y portuguesa, desde los orígenes de la LIJ hasta nuestros días. De cada autor se recoge la biografía, un análisis de las principales obras y noticia del resto, y un juicio crítico.
590 _6Inventariado, 2022/VM
650 _aLiteratos
_vBiografias
_vDiccionarios
650 4 _aAutores
_vBiografías
_vDiccionarios
650 4 _aAutores latinoamericanos
_vDiccionarios
_vBiografías.
650 4 _aLiteratura infantil latinoamericana
_xHistoria y critica
_vDiccionarios.
700 1 _a García Padrino, Jaime,
_ecoord.
700 1 _aCortés Salinas, José Luis
_eed.
700 1 _a Peña Muñoz, Manuel
_eredacción
710 2 _aFundación SM
910 _aVMateo V.
942 _2ddc
_cBK
999 _c14234
_d14234